VALUE STREAM MANAGEMENT FOR THE LEAN OFF (Record no. 34637)

MARC details
000 -LEADER
fixed length control field 00260nam a2200109Ia 4500
008 - FIXED-LENGTH DATA ELEMENTS--GENERAL INFORMATION
fixed length control field 240625s9999 xx 000 0 und d
041 ## - LANGUAGE CODE
Language code of text/sound track or separate title eng
082 ## - DEWEY DECIMAL CLASSIFICATION NUMBER
Classification number 651.3 TAP
100 ## - MAIN ENTRY--PERSONAL NAME
Personal name TAPPING DON
245 ## - TITLE STATEMENT
Title VALUE STREAM MANAGEMENT FOR THE LEAN OFF
260 ## - PUBLICATION, DISTRIBUTION, ETC.
Date of publication, distribution, etc. 2003
Holdings
Withdrawn status Lost status Damaged status Not for loan Home library Current library Date acquired Total Checkouts Full call number Barcode Date last seen Price effective from Koha item type
        IMTN IMTN 05/20/2010   651.3 TAP CD1656 06/25/2024 06/25/2024 CD
Designed & Maintained by: LRC IMT Nagpur Contact: lrc@imtnag.ac.in© 2024. All Rights Reserved.